=LDR 00000nam 2200000 4500 =001 INLIS000000000029690 =005 20130612131913 =008 ***********************************Ind** =035 ##$$a0010-061300000029690 =041 ##$$a Ind =082 ##$$a 531 =090 ##$$a 531, Kam m =100 ##$$a Kamarwan, Sidharta S =245 ##$$a Mekanika bahan, bagian dari mekanika teknik, oleh Sidharta S Kamarwan =260 ##$$a 2006 $b Yogyakarta =300 ##$$a viii, 184 hlm, ilus, 23 cm =650 ##$$a Mekanika =850 ##$$a NBPNMAT =990 ##$$a 0001/BPAP-NTB/20142014